000 00228 a2200097 4500
001 5123
100 _aAmerican Institute
245 _aamerican institute of physics hand book
260 _a
_bMcGraw Hill
_c
090 _c4262
_d4262
942 _aNUST-CAE
_cM
_c30559
999 _c240196
_d240196